Sesiones de Bizarrap por foto - Estadísticas

Estadísticas generales
  • Esta prueba ha sido intentada 46 veces
    26 desde el último reinicio
  • La puntuación promedio es 41 de 61
Estadísticas de respuestas
Imagen Hint Respuesta % Correcto
#50 Duki
100%
#53 Shakira
100%
#46 Anuel AA
95%
#54 Arcangel
95%
#0 Daddy Yankee
95%
#52 Quevedo
95%
#13 Nicki Nicole
90%
#51 Villano Antillano
90%
#40 Eladio Carrión
86%
#61 Luck Ra
86%
#57 Milo J
86%
#41 Nicky Jam
86%
#23 Paulo Londra
86%
#56 Rauw Alejandro
86%
#49 Residente
86%
#48 Tiago PZK
86%
#58 Young Miko
86%
#34 Khea
81%
#47 Morad
81%
#55 Peso Pluma
81%
#16 Trueno
81%
#32 Cazzu
76%
#25 Don Patricio
76%
#36 Nathy Peluso
76%
#39 Snow Tha Product
76%
#37 YSY A
76%
#9 Dillom
71%
#38 L-Gante
71%
#26 Lucho SSJ
71%
#15 Alemán
67%
#1 Bhavi
67%
#19 Polimá Westcoast
67%
#45 Ptazeta
67%
#29 C.R.O
62%
#24 Dani Ribba
62%
#10 Frijo
62%
#31 Zaramay
62%
#35 Asan
57%
#43 Chucky73
57%
#17 Kinder Malo
57%
#44 MHD
57%
#59 Natanael Cano
57%
#3 Paco Amoroso
57%
#33 Seven Kayne
57%
#27 Bejo
52%
#28 Big Soto
52%
#30 Homer el Mero Mero
52%
#18 John C
52%
#22 Lalo Ebratt
52%
#60 Lismar
52%
#20 Louta
52%
#7 Drefquila
48%
#2 Ecko
48%
#14 Ca7riel
43%
#6 Kodigo
43%
#12 Mesita
43%
#21 Neutro Shorty
43%
#5 Pekeño 77
43%
#11 Kiddo Toto
38%
#4 Blunted Vato
33%
#8 Zanto
33%
No se encontraron pruebas coincidentes
Distribución de puntuación
Porcentaje de gente con cada puntuación
Porcentaje por número respondido
Historial de tus puntuaciones
No has intentado esta prueba desde el último reinicio